Liedtext - Hardcore High - Tream - Statistiken

Allgemein
  • Dieses Quiz wurde 8 mal gespielt
  • Das Durchschnittsergebnis liegt bei 104 aus 242
Antwortstatistiken
Antwort % Korrekt
das
100%
Das
100%
der
100%
alle
83%
meine
83%
meinem
83%
Und
83%
Wir
83%
wir
83%
Baby,
67%
die
67%
Die
67%
du
67%
ein
67%
hard
67%
hardcore
67%
high
67%
in
67%
ist
67%
sind
67%
System
67%
THC
67%
viel
67%
Zu
67%
zu
67%
auf
50%
drehen,
50%
drehen
50%
gehen
50%
ich
50%
Ich
50%
knock
50%
Lass
50%
life
50%
Manchmal
50%
nicht
50%
noch
50%
scheiß
50%
steckt
50%
Teufel
50%
uns
50%
unser
50%
wie
50%
wollen
50%
allein
33%
bisschen
33%
bitte
33%
bleibt
33%
Bruder,
33%
Brüder
33%
Gift
33%
hab
33%
kannst
33%
kapiert
33%
keinen
33%
Kodex,
33%
lasse
33%
lassen
33%
Leben
33%
ne
33%
nie
33%
Pipe
33%
Rolex
33%
scheißen
33%
unsere
33%
verschwenden
33%
Verschwenden
33%
vorbei,
33%
Weed
33%
Zeit,
33%
Zeit
33%
zieht
33%
bin
17%
dabei,
17%
dicht
17%
Erinnerung
17%
es
17%
harcore
17%
Hose,
17%
jeder
17%
konsumiert
17%
Marihuana
17%
mich
17%
mit
17%
nein,
17%
nichts,
17%
ob
17%
oben
17%
oder
17%
ohne
17%
Weiber
17%
werd
17%
Bestellen
0%
Boden,
0%
Boote,
0%
Cops
0%
daheim,
0%
danach
0%
dem
0%
denn
0%
Disco
0%
egal
0%
fahr
0%
filzen,
0%
hinter
0%
hoch
0%
immer
0%
Immer
0%
inhalieren
0%
mach
0%
mir
0%
muss
0%
Österreich
0%
paar
0%
radieren
0%
randaliert
0%
Richtung
0%
Satellit
0%
schneller,
0%
Schweiz
0%
Sky,
0%
Sky
0%
So
0%
Sorgen,
0%
über
0%
überall
0%
Vergessen
0%
wenn
0%
wieder
0%
wird
0%
Keine übereinstimmenden Quizze gefunden
Verteilung der Resultate
Anzahl Personen mit jedem Resultat
Perzentil nach korrekt beantworteten Fragen
Ihre Resultats-Entwicklung
Sie haben dieses Quiz noch nicht gespielt